Труды Математического института имени В.А. Стеклова. Краевые задачи математической физики (Запись № 2413324)

Подробности
000 -МАРКЕР
контрольное поле 01606nas2a22003851i 4500
001 - ИДЕНТИФИКАТОР ЗАПИСИ
контрольное поле RU\NLR\INFOCOMM4\1000541413
005 - ИДЕНТИФИКАТОР ВЕРСИИ
контрольное поле 20240727112000.0
035 ## - ДРУГИЕ СИСТЕМНЫЕ НОМЕРА
Идентификатор записи (NLR Aleph) 002479783
100 ## - ДАННЫЕ ОБЩЕЙ ОБРАБОТКИ
Данные общей обработки 20040405c1964 |||y0rusy50 ca
101 0# - ЯЗЫК РЕСУРСА
Язык текста, звукозаписи и т.д. русский
102 ## - СТРАНА ПУБЛИКАЦИИ ИЛИ ПРОИЗВОДСТВА
Страна публикации Российская Федерация
110 ## - ПОЛЕ КОДИРОВАННЫХ ДАННЫХ: ПРОДОЛЖАЮЩИЕСЯ РЕСУРСЫ
Кодированные данные продолжающегося ресурса zyu||||0|y0
200 1# - ЗАГЛАВИЕ И СВЕДЕНИЯ ОБ ОТВЕТСТВЕННОСТИ
Основное заглавие Краевые задачи математической физики
Сведения, относящиеся к заглавию Сборник работ
Первые сведения об ответственности АН СССР
210 ## - ПУБЛИКАЦИЯ, РАСПРОСТРАНЕНИЕ И ДР.
Место издания, распространения и т.д. М.
-- Л.
Имя издателя, распространителя и т. д. Наука, Ленингр. отд-ние
Дата издания, распространения и т.д. 1964-
225 1# - СЕРИЯ
Основное заглавие серии Труды Математического института имени В.А.Стеклова
Обозначение тома ...
461 #0 - УРОВЕНЬ НАБОРА
Встроенное поле 001RU\NLR\INFOCOMM31\1000046422
-- 2001#$aТруды Математического института имени В.А. Стеклова$fАкад. наук СССР
Системный номер (АБИС) связанной записи 2729281
Автор Математический институт им. В. А. Стеклова (Москва)
Место публикации М.
Дата публикации 1931-
Первые сведения об ответственности Акад. наук СССР
Имя издателя, распространителя и т.д. Изд-во Акад. наук СССР
Заглавие Труды Математического института имени В.А. Стеклова
ISSN 0371-9685
801 #1 - ИСТОЧНИК ЗАПИСИ
Страна Российская Федерация
Организация InfoComm
Дата составления 20040405
801 #0 - ИСТОЧНИК ЗАПИСИ
Страна Российская Федерация
Организация NLR
Правила каталогизации PSBO
852 ## - МЕСТОНАХОЖДЕНИЕ И ШИФР ХРАНЕНИЯ
Идентификатор организации NLR
Шифр хранения (Call Number) П7/248
942 ## - ДОПОЛНИТЕЛЬНЫЕ ЭЛЕМЕНТЫ ЗАПИСИ (АБИС)
Тип экземпляра АБИС Сборник
980 ## - КОЛЛЕКЦИЯ
Название коллекции Русская периодика

Нет доступных экземпляров.